000 00244nam a2200097Ia 4500
001 1137906
005 20250827005235.0
008 250824s9999 xx 000 0 und d
245 0 _aKIZIŞL PENÇE
_cMUSTAFA ARMAĞAN
260 _bKETEBE YAYINLARI
999 _c1137906
_d1137906